[Event "ESP-chT"]
[Site "Ponferrada"]
[Date "1997.??.??"]
[Round "8"]
[White "Gonzalez Velez, Fermin"]
[Black "Garcia Padron, Jose"]
[Result "0-1"]
[WhiteElo "2395"]
[BlackElo "2440"]

1.d4 Nf6 2.c4 e6 3.Nc3 Bb4 4.Nf3 b6 5.Bg5 Bb7 6.e3 h6 7.Bh4 g5 8.Bg3 Ne4
9.Qc2 Bxc3+ 10.bxc3 Nxg3 11.fxg3 g4 12.Nh4 Qg5 13.Kf2 h5 14.Bd3 Rh6 15.Rhf1 Rf6+
16.Ke2 Rxf1 17.Rxf1 Nc6 18.Rf4 Ba6 19.Kf2 Na5 20.Qe2 c6 21.h3 f5 22.hxg4 hxg4
23.e4 fxe4 24.Rxe4 O-O-O 25.Rf4 Rg8 26.Kg1 Nb7 27.Rf1 Nd6 28.c5 Bxd3 29.Qxd3 Nb5
30.cxb6 axb6 31.Rb1 Kb7 32.c4 Nc7 33.c5 b5 34.a4 Ra8 35.axb5 Nxb5 36.Ng6 Kc7
37.Ne5 Ra4 38.Nc4 Qd5 39.Rxb5 cxb5 40.Nd6 Kd8 41.Qh7 Kc7 42.Qh8 Qa8 43.Ne8+ Kc6
44.d5+ exd5 45.Qf6+ Kxc5 46.Qd6+ Kc4 47.Qf4+ d4 48.Qc1+ Kb4 49.Qd2+ Kc5 50.Qg5+ Qd5
51.Qe7+ Kc6  0-1

[Event "EU-chT (Men)"]
[Site "Pula"]
[Date "1997.??.??"]
[Round "8"]
[White "Pinter, Jozsef"]
[Black "Huzman, Alexander"]
[Result "1/2-1/2"]
[WhiteElo "2575"]
[BlackElo "2585"]

1.d4 Nf6 2.c4 e6 3.Nc3 Bb4 4.Nf3 c5 5.e3 Nc6 6.Bd3 Bxc3+ 7.bxc3 d6 8.O-O e5
9.Nd2 O-O 10.d5 Ne7 11.f3 h6 12.Qc2 Ne8 13.e4 g5 14.Rf2 Ng7 15.g3 Ng6 16.Bb2 f6
17.Nf1 f5 18.exf5 Bxf5 19.Nd2 Bxd3 20.Qxd3 Qe8 21.Ne4 Rd8 22.Re1 Nh5 23.Bc1 Rd7
24.Rg2 Qf7 25.Rf1 Nf6 26.Rgf2 Qh7 27.Qe2 Qg7 28.Qc2 Rdd8 29.Rg2 Nxe4 30.Qxe4 Qf7
31.h4 Qf5 32.hxg5 hxg5 33.Qxf5 Rxf5 34.g4 Rf7 35.Bxg5 Rdf8 36.Bh6 Re8 37.Re2 Rh7
38.Bg5 Rf8 39.Rh2 Rhf7 40.Bh6 Re8 41.Be3 Ref8 42.Rh6 Kg7 43.Rh2 Kg8 44.Bh6 Re8
45.Kf2 e4 46.Kg3 exf3 47.Rxf3 Rxf3+ 48.Kxf3 Re1 49.Bd2 Ne5+ 50.Kf4 Rf1+ 51.Ke4 Nxc4
52.Bf4 Kg7 53.g5 Re1+ 54.Kf5 Ne3+ 55.Bxe3 Rxe3 56.c4  1/2-1/2

[Event "EU-chT (Men)"]
[Site "Pula"]
[Date "1997.??.??"]
[Round "9"]
[White "Sideif Sade, Fikret I"]
[Black "Felsberger, Alfred"]
[Result "1-0"]
[WhiteElo "2435"]
[BlackElo "2395"]

1.d4 Nf6 2.c4 e6 3.Nc3 Bb4 4.Nf3 b6 5.Bg5 h6 6.Bh4 Bb7 7.e3 g5 8.Bg3 Ne4
9.Qc2 Bxc3+ 10.bxc3 d6 11.Bd3 Nxg3 12.hxg3 Nd7 13.Be4 c6 14.Qa4 g4 15.Ng1 Qc7
16.Ne2 b5 17.cxb5 cxb5 18.Qc2 Nb6 19.Rb1 a6 20.Rh4 O-O-O 21.Rxg4 f5 22.Bxb7+ Qxb7
23.Rh4 Kb8 24.Qb3 Rde8 25.a4 Nxa4 26.c4 Nb6 27.cxb5 a5 28.Rc1 d5 29.Rc6 Rh7
30.Nf4 Rc7 31.Rxh6 Rxc6 32.bxc6 Qxc6 33.Nxd5 Qc1+ 34.Ke2 Qc4+ 35.Qxc4 Nxc4
36.Nc3 Kc7 37.Kd3 Nb2+ 38.Ke2 Nc4 39.d5 Kd7 40.e4  1-0

[Event "Reykjavik-B blind"]
[Site "Reykjavik"]
[Date "1997.??.??"]
[Round "1"]
[White "Karason, Askell O"]
[Black "Thorfinnsson, Bragi"]
[Result "1/2-1/2"]
[WhiteElo "2305"]
[BlackElo "2215"]

1.d4 Nf6 2.c4 e6 3.Nc3 Bb4 4.Nf3 O-O 5.Bg5 d5 6.e3 b6 7.cxd5 exd5 8.Bd3 c6
9.O-O Re8 10.Ne5 h6 11.Bh4 Bd6 12.Rc1 Bxe5 13.dxe5 Rxe5 14.Bb1 Nbd7 15.Ne2 Nf8
16.Rxc6 Re6 17.Rc1 Bb7 18.Nf4 Re8 19.Nh5 g5 20.Bg3 Nxh5 21.Qxh5 Qf6 22.Rc7 Ba6
23.Rfc1 Rac8 24.h4 Rxc7 25.Rxc7 Bc4 26.hxg5 hxg5 27.Rxa7 d4 28.e4 d3 29.e5 Qd8
30.Qg4 d2 31.Bc2 Be6 32.Qf3 Qd4 33.Rc7 Nd7 34.Kh2 Bg4 35.Qb7 d1=Q 36.Bxd1 Qxd1
37.e6 Bxe6 38.Qf3 Qxf3 39.gxf3 Ra8 40.a3 Nc5 41.Be5 Nd7 42.Bc3 Rd8 43.Kg3 Nc5
44.Rc6 Na4 45.Bf6 Rc8 46.Rd6 b5 47.Rd2 Nb6 48.Bxg5 Nc4 49.Re2 Rc5 50.Bf6 Rf5
51.Bc3 Rg5+ 52.Kh4 Rg1 53.Re4 Nd6 54.Re5 Nf5+ 55.Kh3 Nd6+ 56.Kh2 Rd1 57.Rc5 Rd5
58.Rxd5 Bxd5 59.Kg3 Kf8 60.Kf4 Ke7 61.Ke3 Nc4+ 62.Kd4 Kd6 63.f4 Nb6 64.Bb4+ Kc6
65.Kc3 Bg2 66.Bf8 Nd5+ 67.Kc2 Nxf4 68.b3 Nh3 69.a4 Nxf2 70.Kd2 Bd5 71.Ke3 Nd1+
72.Kd4 Bxb3 73.axb5+ Kxb5 74.Bd6 Kc6  1/2-1/2

[Event "Olicio Gadia mem"]
[Site "Rio de Janeiro"]
[Date "1997.??.??"]
[Round "2"]
[White "Lebredo, Gerardo"]
[Black "Miranda, Marcio MC"]
[Result "1/2-1/2"]
[WhiteElo "2320"]
[BlackElo "2295"]

1.d4 Nf6 2.c4 e6 3.Nc3 Bb4 4.Nf3 b6 5.g3 Bb7 6.Bg2 Bxc3+ 7.bxc3 O-O 8.O-O d6
9.a4 Nc6 10.Nd2 d5 11.cxd5 exd5 12.Nb3 Qd7 13.Qc2 Rfe8 14.f3 Ba6 15.Re1 Bc4
16.Bg5 Qe6 17.Nd2 Na5 18.Nxc4 Nxc4 19.e4 h6 20.Bxf6 Qxf6 21.exd5 Ne3 22.Qd3 Nxd5
23.f4 c6 24.Re5 Qd6 25.Rae1 Rxe5 26.Rxe5 Rd8 27.Qc4 Qa3 28.Qxc6 Qc1+ 29.Kf2 Nxc3
30.Re8+ Rxe8 31.Qxe8+ Kh7 32.Be4+ Nxe4+ 33.Qxe4+ g6 34.d5 Qd2+ 35.Kg1 h5
36.h4 Qd1+ 37.Kg2 Qd2+ 38.Kg1 Qd1+ 39.Kg2 Qd2+  1/2-1/2

[Event "Solin"]
[Site "Solin"]
[Date "1997.??.??"]
[Round "5"]
[White "Zaja, Ivan"]
[Black "Ljubicic, Filip"]
[Result "1-0"]
[WhiteElo "2440"]
[BlackElo "2350"]

1.d4 Nf6 2.c4 e6 3.Nc3 Bb4 4.Nf3 c5 5.e3 O-O 6.Bd3 d5 7.O-O Nc6 8.cxd5 exd5
9.a3 Bxc3 10.bxc3 c4 11.Bc2 Bg4 12.Kh1 Ne4 13.Qe1 Bf5 14.Ra2 Re8 15.Ng1 Qh4
16.g3 Qf6 17.f3 Nd6 18.g4 Bxc2 19.Rxc2 Qg6 20.Re2 f5 21.gxf5 Qxf5 22.e4 Qh5
23.Qg3 Re6 24.Qh3 Qf7 25.Rg2 Ne7 26.e5 Ndf5 27.Ne2 Ng6 28.Rg5 Rf8 29.a4 h6
30.Rg4 Ra6 31.Rfg1 Nfh4 32.Nf4 Kh7 33.Rxh4 Nxh4 34.Qxh4 Qf5 35.Qg3 Rf7 36.e6 Rc7
37.Ba3 g5 38.Nxd5 Rg7 39.e7 Re6 40.Nc7 Rexe7 41.Bxe7 Rxe7 42.d5 Re3 43.Ne6 Rxf3
44.Qc7+ Kg6 45.Qg7+ Kh5 46.Qh8 Kg6 47.Qg8+  1-0

[Event "ROM-chT2"]
[Site "Sovata"]
[Date "1997.??.??"]
[Round "?"]
[White "Rogozenko, Dorin"]
[Black "Busu, Cornel"]
[Result "1/2-1/2"]
[WhiteElo "2490"]
[BlackElo "2230"]

1.d4 Nf6 2.c4 e6 3.Nc3 Bb4 4.Nf3 b6 5.Bg5 Bb7 6.e3 h6 7.Bh4 O-O 8.Bd3 c5
9.O-O cxd4 10.exd4 Be7 11.Bg3 d5 12.cxd5 Nxd5 13.Qe2 Nd7 14.a3 N7f6 15.Ne5 Nxc3
16.bxc3 Rc8 17.Rfc1 Qd5 18.f3 Rxc3 19.Bf2 Rxc1+ 20.Rxc1 Rc8 21.Rxc8+ Bxc8
22.Qc2 Qb7 23.a4 Bd6 24.Nc4 Bb8 25.Bh4 Bd7 26.Ne5 Bxe5 27.dxe5 Nd5 28.Qc4 Qc6
29.Qe4 Qc1+ 30.Be1 Bxa4 31.Kf1 Bc2 32.Qh7+ Kf8 33.Qh8+ Ke7 34.Bb5 Nc7 35.Be2 Bd1
36.Qxg7 Bxe2+ 37.Kxe2 Qc4+ 38.Kd1 Qd3+ 39.Kc1 Qc4+ 40.Kd1 Nd5 41.Qxh6 Qd3+
42.Kc1 Qa3+ 43.Kb1 Qb3+ 44.Kc1 Ne3 45.Bh4+ Kd7 46.Qh7 Qd1+ 47.Kb2 Nc4+ 48.Kc3 Qc1+
49.Kb3 Qb2+ 50.Kxc4 b5+ 51.Kc5 Qc3+ 52.Kxb5 Qb3+ 53.Ka5 Qa3+  1/2-1/2

[Event "ROM-chT2"]
[Site "Sovata"]
[Date "1997.??.??"]
[Round "?"]
[White "Rogozenko, Dorin"]
[Black "Stefanov, P."]
[Result "1-0"]
[WhiteElo "2490"]
[BlackElo "2395"]

1.d4 Nf6 2.c4 e6 3.Nc3 Bb4 4.Nf3 b6 5.Bg5 h6 6.Bh4 Bb7 7.e3 c5 8.Bd3 cxd4
9.exd4 Be7 10.O-O O-O 11.Re1 d6 12.h3 Nbd7 13.Bg3 a6 14.Qe2 Re8 15.Rad1 Bf8
16.a3 Qb8 17.b4 Qa7 18.Nd2 Rac8 19.Nb3 Qa8 20.Qf1 g6 21.a4 d5 22.c5 a5 23.Nb5 axb4
24.cxb6 Nxb6 25.a5 Nc4 26.Nc7 Rxc7 27.Bxc7 Rc8 28.Bh2 Ne4 29.Ra1 Ba6 30.Qe2 Nc3
31.Qg4 Ne5 32.Bxe5 Bxd3 33.Qf3 Bf5 34.g4 f6 35.gxf5 fxe5 36.fxe6 Bg7 37.Qf7+ Kh8
38.e7 Ne4 39.Rxe4 dxe4 40.Nc5 Rg8 41.Ne6 e3 42.Nxg7 exf2+ 43.Kxf2  1-0

[Event "White Nights op"]
[Site "St Petersburg"]
[Date "1997.??.??"]
[Round "?"]
[White "Andreev, Konstantin"]
[Black "Biriukov, Oleg V"]
[Result "1/2-1/2"]
[WhiteElo "2290"]
[BlackElo "2415"]

1.d4 Nf6 2.c4 e6 3.Nc3 Bb4 4.Nf3 c5 5.g3 O-O 6.Bg2 cxd4 7.Nxd4 d5 8.Qb3 Bxc3+
9.bxc3 Nc6 10.cxd5 Na5 11.Qc2 Nxd5 12.Qd3 Qc7 13.Nb5 Qc6 14.Ba3 Rd8 15.e4 a6
16.exd5 Qxb5 17.Qxb5 axb5 18.O-O-O exd5 19.Rxd5 Rxd5 20.Bxd5 Nc4 21.Re1 Be6
22.Bxc4  1/2-1/2

[Event "SVK-chT1W 9798"]
[Site "SVK"]
[Date "1997.??.??"]
[Round "?"]
[White "Mihalik, Marek"]
[Black "Sabik, Robert"]
[Result "1/2-1/2"]
[WhiteElo "2115"]
[BlackElo "2030"]

1.d4 Nf6 2.c4 e6 3.Nc3 Bb4 4.Nf3 O-O 5.Bg5 c5 6.e3 d6 7.Qc2 Nbd7 8.a3 Bxc3+
9.bxc3 e5 10.Bd3 h6 11.Bh4 Re8 12.Be2 cxd4 13.cxd4 g5 14.Bg3 g4 15.Nh4 Qa5+
16.Kf1 Nf8 17.Nf5 Bxf5 18.Qxf5 Qc3 19.Rd1 Kg7 20.Bh4 N8h7 21.h3 exd4 22.Rxd4 Re5
23.Qf4 Rae8 24.Bxf6+ Nxf6 25.hxg4 Ng8 26.Rxd6 R8e6 27.Rd3 Qa1+ 28.Bd1 Re4
29.Qf3 Rxc4 30.Qxb7 Rc1 31.Qb3 Rb6 32.Qd5 Nf6 33.Qd4 Qb1 34.g5 hxg5 35.Ke2 Rb2+
36.Rd2 Rxd2+ 37.Qxd2 Qb5+ 38.Kf3 g4+ 39.Kg3 Qe5+ 40.f4 gxf3 41.Kxf3 Qe4+
42.Kf2 Rc5 43.Rh3 Ng4+ 44.Kg1 Rd5 45.Qc3+ Ne5 46.Bf3 Rd3  1/2-1/2

[Event "SVK-chT 9798"]
[Site "SVK"]
[Date "1997.??.??"]
[Round "3"]
[White "Dusa, Dusan"]
[Black "Travenec, Igor"]
[Result "1/2-1/2"]
[WhiteElo "2195"]
[BlackElo "2220"]

1.d4 Nf6 2.c4 e6 3.Nc3 Bb4 4.Nf3 c5 5.g3 O-O 6.Bg2 d6 7.O-O Bxc3 8.bxc3 Nc6
9.Bf4 Ne4 10.dxc5 dxc5 11.Qc2 f5 12.Ne5 Qf6 13.Nxc6 bxc6 14.Bxe4 e5 15.Bxe5 Qxe5
16.Bxc6 Rb8 17.Bd5+ Kh8 18.e3 Rb6 19.Rae1 Bd7 20.f4 Qf6 21.Rb1 h6 22.Rxb6 axb6
23.e4 fxe4 24.Qxe4 Re8 25.Qf3 Qf5 26.Rc1 Qg6 27.Qf1 Qf6 28.Qd3 Bg4 29.Bf3 Rd8
30.Qe3 Bxf3 31.Qxf3 Qe6 32.f5 Qxc4 33.f6 Rf8 34.fxg7+ Kxg7 35.Qe3 Qxa2 36.Rf1 Rxf1+
37.Kxf1  1/2-1/2

[Event "SWZ-chT9697"]
[Site "SWZ"]
[Date "1997.??.??"]
[Round "?"]
[White "Herzog, Juerg"]
[Black "Gobet, Fernand"]
[Result "0-1"]
[WhiteElo "2290"]
[BlackElo "2395"]

1.d4 Nf6 2.c4 e6 3.Nc3 Bb4 4.Nf3 b6 5.g3 Bb7 6.Bg2 O-O 7.O-O Bxc3 8.bxc3 Be4
9.Ne1 Bxg2 10.Nxg2 Nc6 11.Qd3 d5 12.Rd1 Na5 13.cxd5 exd5 14.Ne3 Qd7 15.Nf5 Nc4
16.Qf3 Qe6 17.Ne3 Nxe3 18.Bxe3 Rfe8 19.Rac1 b5 20.Rc2 Qc6 21.a4 b4 22.a5 Ne4
23.Bd2 Qa4 24.Qd3 b3 25.Rb2 Nd6 26.Bf4 Ne4  0-1

[Event "SWZ-chT9697"]
[Site "SWZ"]
[Date "1997.??.??"]
[Round "?"]
[White "Herzog, Juerg"]
[Black "Wirthensohn, Heinz"]
[Result "1/2-1/2"]
[WhiteElo "2290"]
[BlackElo "2375"]

1.d4 Nf6 2.c4 e6 3.Nc3 Bb4 4.Nf3 d5 5.cxd5 exd5 6.Bg5 Nbd7 7.Qc2 c5 8.dxc5 h6
9.Bd2 O-O 10.e3 Bxc5 11.Bd3 Qe7 12.O-O Ne5 13.Nxe5 Qxe5 14.Ne2 Bd6 15.Ng3 Rd8
16.Bc3 Qg5 17.Qa4 Qg4 18.Qxg4 Nxg4 19.Rfd1 Be6 20.Be2 f6 21.Bxg4 Bxg4 22.Rxd5 Bxg3
23.Rxd8+ Rxd8 24.hxg3 Rd1+ 25.Rxd1 Bxd1 26.e4 Kf7 27.f3 h5 28.Kf2 Ke6 29.Ke3 Ba4
30.f4 g6 31.Bd4  1/2-1/2

[Event "Taastrup 25 Jub"]
[Site "Taastrup"]
[Date "1997.??.??"]
[Round "6"]
[White "Hoi, Carsten"]
[Black "Kristensen, Bjarke"]
[Result "1-0"]
[WhiteElo "2425"]
[BlackElo "2415"]

1.d4 Nf6 2.Nf3 e6 3.c4 Bb4+ 4.Nc3 O-O 5.Bg5 h6 6.Bh4 c5 7.d5 Re8 8.e3 d6
9.Bd3 Bxc3+ 10.bxc3 e5 11.Nd2 Nbd7 12.O-O Nf8 13.f4 exf4 14.exf4 Ng6 15.Bxf6 Qxf6
16.Ne4 Qd8 17.Qh5 b5 18.cxb5 c4 19.Bc2 a6 20.bxa6 Rxa6 21.a4 Bd7 22.f5 Re5
23.Ng3 Ne7 24.Qh4 Qb6+ 25.Kh1 Nxd5 26.Rab1 Qc7 27.f6 Qd8 28.Ne4 Bf5 29.Qh5 g6
30.Qh4 Bxe4 31.Bxe4 Rh5 32.Qxh5 gxh5 33.Bxd5 Ra5 34.Bxc4 Rc5 35.Bb5 Rxc3
36.Rbe1 Kh7 37.h3 Qb6 38.Re7 Kg6 39.Re8  1-0

[Event "Nordic Grand Prix"]
[Site "Torshavn"]
[Date "1997.??.??"]
[Round "2"]
[White "Hansen, Herluf"]
[Black "Bjarnason, Saevar"]
[Result "1/2-1/2"]
[WhiteElo "2025"]
[BlackElo "2285"]

1.d4 Nf6 2.c4 e6 3.Nc3 Bb4 4.Nf3 c5 5.Qb3 O-O 6.a3 Ba5 7.dxc5 Ne4 8.Bd2 Nxd2
9.Nxd2 Na6 10.e3 Nxc5 11.Qc2 Bxc3 12.Qxc3 a5 13.Be2 a4 14.O-O d6 15.f4 Bd7
16.Bf3 Bc6 17.e4 f6 18.Rfe1 e5 19.f5 Qc7 20.Bd1 Rfc8 21.Re3 Rab8 22.b4 axb3
23.Bxb3 Nxb3 24.Qxb3 Be8 25.Rc1 Bf7 26.Rec3 b5 27.Qc2 Qc5+ 28.Kf1 b4 29.axb4 Rxb4
30.Qd3 h6 31.Nb3 Qc6 32.Nd2 Ra8 33.Rb3 Rxb3 34.Qxb3 d5 35.Qb5 Qxb5 36.cxb5 Rb8
37.Rb1 d4 38.Ke2 Rb6 39.Kd3 Be8 40.Kc4 Rb8 41.b6 Rc8+ 42.Kb4 Bc6 43.Ra1 Bb7
44.Ra7 Rc2 45.Rxb7 Rxd2 46.Rb8+ Kf7 47.b7 Rb2+ 48.Kc5 Rc2+ 49.Kb6 Rb2+ 50.Kc7 Rc2+
51.Kd6 Rb2 52.Kc7  1/2-1/2

[Event "ROM-chT"]
[Site "Tusnad"]
[Date "1997.??.??"]
[Round "?"]
[White "Istratescu, Andrei"]
[Black "Negulescu, Adrian"]
[Result "1-0"]
[WhiteElo "2545"]
[BlackElo "2450"]

1.d4 Nf6 2.c4 e6 3.Nc3 Bb4 4.Nf3 O-O 5.g3 c5 6.Bg2 cxd4 7.Nxd4 d5 8.cxd5 Nxd5
9.Bd2 Nxc3 10.bxc3 Be7 11.Rb1 a6 12.O-O e5 13.Nc2 Nc6 14.Ne3 Na5 15.c4 Bc5
16.Bc3 Bd4 17.Qd2 Nc6 18.Bxc6 bxc6 19.Rfd1 c5 20.Ba5 Qf6 21.Rb6 Be6 22.Rf1 Bxe3
23.Qxe3 Qf5 24.Rc1 e4 25.Rc6 Rfc8 26.Bc7 Qf6 27.Rxc5 Qe7 28.Bb6 Qb7 29.a4 Rxc5
30.Qxc5 Rc8 31.Qd6 h6 32.c5 Rc6 33.Qd8+ Kh7 34.e3 Bf5 35.Qd4  1-0

[Event "Ubeda op"]
[Site "Ubeda"]
[Date "1997.??.??"]
[Round "1"]
[White "Nor, Igal"]
[Black "Pigusov, Evgeny"]
[Result "0-1"]
[WhiteElo "2365"]
[BlackElo "2565"]

1.d4 Nf6 2.c4 e6 3.Nc3 Bb4 4.Nf3 c5 5.e3 Nc6 6.Bd3 Bxc3+ 7.bxc3 d6 8.e4 e5
9.d5 Ne7 10.Nh4 h6 11.f4 Ng6 12.Nxg6 fxg6 13.O-O O-O 14.Rb1 exf4 15.Bxf4 Ng4
16.Bg3 Rxf1+ 17.Qxf1 Ne5 18.Be2 Qe7 19.Qf2 b6 20.Rf1 Ba6 21.Bxe5 Qxe5 22.Qf7+ Kh7
23.h4 h5 24.Rf4 Bc8 25.Kf2 Bf5 26.g3 Bxe4 27.Bf3 Bxf3 28.Rxf3 Re8 29.Kg2 Qe1
30.Qf4 Re2+ 31.Rf2 Rxf2+ 32.Qxf2 Qe4+ 33.Kh2 Qxc4 34.Qd2 b5 35.a3 a5 36.Kh3 b4
37.axb4 cxb4 38.cxb4 axb4  0-1

[Event "Ubeda op"]
[Site "Ubeda"]
[Date "1997.??.??"]
[Round "3"]
[White "Vakhidov, Tahir"]
[Black "Arencibia, Walter"]
[Result "1-0"]
[WhiteElo "2470"]
[BlackElo "2560"]

1.c4 e6 2.Nc3 Bb4 3.Nf3 Nf6 4.d4 b6 5.Bg5 h6 6.Bh4 Bxc3+ 7.bxc3 Bb7 8.e3 d6
9.Nd2 e5 10.f3 Qe7 11.e4 c5 12.Be2 Nc6 13.d5 Nb8 14.Nf1 Nbd7 15.Ne3 g6 16.Qa4 Kd8
17.Qa3 Kc7 18.Bd1 Qf8 19.Ba4 Nh5 20.O-O f5 21.exf5 gxf5 22.Bc2 f4 23.Nf5 Ndf6
24.Rab1 Ng7 25.Nxg7 Qxg7 26.Qb2 Ba6 27.Qb3 Rhg8 28.Rf2 Nh7 29.a4 Rab8 30.a5 b5
31.Qa2 Ng5 32.Bxg5 hxg5 33.cxb5 Rxb5 34.Rxb5 Bxb5 35.Be4 Rb8 36.Rb2 Qf8 37.a6 Rb6
38.Qa5 Bd7 39.h3 Qb8 40.Bd3 Kc8 41.Rf2 Rb2 42.Qa3 Rxf2 43.Kxf2 Qb6 44.Bc4 Qb1
45.Be2 Qc2 46.Kf1 Ba4 47.Kg1 Kc7 48.Bb5 Qb1+ 49.Bf1 Qb3 50.Qa1 Bd7 51.Bd3 Kc8
52.Kh2 Qxd5 53.Qb1 Qc6 54.Bf5 Qxa6 55.Bxd7+ Kxd7 56.Qf5+ Kc6 57.Qxg5 Qd3
58.h4 a5 59.h5 a4 60.h6 a3 61.Qg8 Qa6 62.h7 a2 63.Qe8+ Kd5 64.Qf7+ Kc6 65.h8=Q a1=Q
66.Qhe8+  1-0

[Event "Warsaw-ch"]
[Site "Warsaw"]
[Date "1997.??.??"]
[Round "7"]
[White "Michniewski, Tomasz"]
[Black "Staniszewski, Piotr"]
[Result "0-1"]
[WhiteElo "2295"]
[BlackElo "2440"]

1.d4 Nf6 2.c4 e6 3.Nc3 Bb4 4.Nf3 b6 5.Bg5 Bb7 6.e3 h6 7.Bh4 g5 8.Bg3 Ne4
9.Nd2 Nxc3 10.bxc3 Bxc3 11.Rc1 Bb4 12.h4 gxh4 13.Rxh4 Nc6 14.Qg4 Qf6 15.Bd3 O-O-O
16.Qh5 Qg5 17.Qxf7 Bxd2+ 18.Kxd2 Qa5+ 19.Kd1 Nb4 20.Bb1 Rdf8 21.Qh5 Qa4+
22.Ke1 Qa3 23.Qd1 Bxg2 24.Qd2 Rhg8 25.Rc3 Qa5 26.a3 Rxg3 27.fxg3 Rf1+ 28.Ke2 Rxb1
29.axb4 Qf5 30.Rf4 Bf1+ 31.Kf2 Qh3 32.Kf3 Qh1+ 33.Kg4 Bh3+ 34.Kh5 Bf5+ 35.Rh4 Qf3+
36.Kxh6 Qxg3  0-1

[Event "VAM Hoogeveen op"]
[Site "Wijk aan Zee"]
[Date "1997.??.??"]
[Round "2"]
[White "Lanchava, Tea"]
[Black "Tindall, Brett"]
[Result "1-0"]
[WhiteElo "2275"]
[BlackElo "2190"]

1.d4 Nf6 2.c4 e6 3.Nc3 Bb4 4.Nf3 Bxc3+ 5.bxc3 d6 6.g3 Nc6 7.Bg2 O-O 8.O-O Qe7
9.Re1 e5 10.d5 Na5 11.Qa4 b6 12.e4 Bd7 13.Qb4 Nb7 14.Qb1 Ne8 15.Nh4 g6 16.Bh6 Ng7
17.Qc1 Nc5 18.Qd2 f5 19.f4 fxe4 20.Bxe4 exf4 21.Bf5 Qf6 22.Bxd7 Nxd7 23.Bxf4 Ne5
24.Bxe5 dxe5 25.Re4 Rae8 26.Rae1 Nf5 27.Nxf5 Qxf5 28.Qe3 Qf3 29.c5 Qf7 30.c4 bxc5
31.Qxc5 Rb8 32.R4e2 Rb6 33.Rf2 Qxf2+ 34.Qxf2 Rxf2 35.Kxf2 Rb4 36.Re4 Ra4
37.Kf3 Ra3+ 38.Re3 Rxa2 39.Rxe5 Rc2 40.Re4 Rxh2 41.Re7  1-0

[Event "VAM Hoogeveen op"]
[Site "Wijk aan Zee"]
[Date "1997.??.??"]
[Round "6"]
[White "Lanchava, Tea"]
[Black "Barsov, Alexei"]
[Result "0-1"]
[WhiteElo "2275"]
[BlackElo "2445"]

1.d4 Nf6 2.c4 e6 3.Nc3 Bb4 4.Nf3 O-O 5.Bg5 c5 6.dxc5 Na6 7.Rc1 Nxc5 8.Qd4 b6
9.Bxf6 Qxf6 10.Qxf6 gxf6 11.Nd2 a5 12.a3 Bxc3 13.Rxc3 a4 14.e3 Bb7 15.Be2 Rfc8
16.O-O Kf8 17.Ra1 Ke7 18.b3 axb3 19.Nxb3 Na4 20.Rcc1 e5 21.Nd2 Nc5 22.Rcb1 Ra6
23.Nb3 Be4 24.Nxc5 Rxc5 25.Rb3 Bc2 26.Rb2 Bf5 27.f3 Kd8 28.a4 Kc7 29.Kf2 Raa5
30.Ra3 Rc6 31.g4 Be6 32.Rb4 h6 33.e4 Rd6 34.Ke3 Rd4 35.Rab3 Rd6 36.Rb2 Rc5
37.Rc2 Rd4 38.f4 d5 39.exd5 Bxd5 40.fxe5 fxe5 41.Rcb2 Re4+ 42.Kf2 Bxc4 43.Bxc4 Rf4+
44.Ke3 Rcxc4 45.Rxb6 Rce4+ 46.Kd3 Rxa4 47.Rxh6 Ra3+ 48.Ke2 Rxg4 49.Kf2 Rf4+
50.Kg2 e4 51.h3 f6 52.Rh7+ Kd6 53.Rb6+ Kc5 54.Rb2 Rff3 55.Re2 f5 56.Rh4 Kd4
57.Rh8 Ra6 58.Kh2 Rfa3 59.Rd8+ Ke5 60.Re8+ Re6  0-1

[Event "VAM Hoogeveen op"]
[Site "Wijk aan Zee"]
[Date "1997.??.??"]
[Round "7"]
[White "Barsov, Alexei"]
[Black "Greenfeld, Alon"]
[Result "1/2-1/2"]
[WhiteElo "2445"]
[BlackElo "2540"]

1.d4 Nf6 2.c4 e6 3.Nc3 Bb4 4.Nf3 b6 5.Qb3 c5 6.Bg5 Bb7 7.e3 O-O 8.Be2 Nc6
9.dxc5 bxc5 10.Nd2 h6 11.Bh4 d5 12.a3 Bxc3 13.bxc3 Na5 14.Qc2 Nxc4 15.Nxc4 dxc4
16.f3 Qa5 17.Bxf6 gxf6 18.Bxc4 Ba6 19.Bxe6 fxe6 20.Qg6+ Kh8  1/2-1/2

[Event "Wuerzburg op"]
[Site "Wuerzburg"]
[Date "1997.??.??"]
[Round "7"]
[White "Aulinger, Reimund"]
[Black "Kunz, Konstantin"]
[Result "0-1"]
[WhiteElo "2120"]
[BlackElo "2295"]

1.d4 Nf6 2.c4 e6 3.Nc3 Bb4 4.Nf3 b6 5.Qb3 c5 6.Bg5 h6 7.Bxf6 Qxf6 8.e3 Nc6
9.Be2 a5 10.O-O cxd4 11.Ne4 Qg6 12.Nxd4 a4 13.Qd1 Ne5 14.Ng3 O-O 15.f4 Nc6
16.Kh1 f5 17.e4 Nxd4 18.Qxd4 Bc5 19.Qc3 fxe4 20.Bh5 Qh7 21.Rad1 d6 22.Bg4 Rf6
23.Qc2 Bb7 24.f5 h5 25.Bh3 exf5 26.Bxf5 Rxf5 27.Nxf5 d5 28.cxd5 e3 29.d6 Kh8
30.d7 Rd8 31.Qe2 Qg6 32.Nh4 Qg4 33.Qxg4 hxg4 34.Rfe1 Be4 35.Re2 g5 36.h3 gxh4
37.hxg4 h3 38.Kh2 hxg2 39.Kg3 Kg7 40.Kf4 Bc6  0-1

[Event "CRO-ch06"]
[Site "Pula"]
[Date "1998.01.09"]
[Round "1"]
[White "Nikolac, Juraj"]
[Black "Zelcic, Robert"]
[Result "0-1"]
[WhiteElo "2435"]
[BlackElo "2540"]

1.d4 Nf6 2.c4 e6 3.Nc3 Bb4 4.Nf3 O-O 5.Bg5 c5 6.d5 exd5 7.cxd5 d6 8.g3 h6
9.Bxf6 Qxf6 10.Rc1 Bg4 11.Bg2 Re8 12.O-O Nd7 13.h3 Bxf3 14.Bxf3 Ne5 15.Bg2 Bxc3
16.Rxc3 b5 17.Rc2 Re7 18.b3 Rae8 19.f4 Nd7 20.e4 Qg6 21.Kh2 Rxe4 22.Bxe4 Rxe4
23.Re2 f5 24.Rxe4 fxe4 25.Qe2 a6 26.a4 Nf6 27.axb5 axb5 28.Qxb5 Qh5 29.Kg2 Kh8
30.Qc4 e3 31.Ra1 Qf5 32.Rd1 Qc8 33.Re1 Qa8 34.Rxe3 Nxd5 35.Re8+ Qxe8 36.Qxd5 Qg6
37.g4 Kh7 38.Kg3 h5 39.f5 Qf6 40.Qd3 Qe5+ 41.Kf2 Qh2+ 42.Kf1 Qf4+ 43.Ke1 Kh6
44.Qd5 Kg5 45.Qf7 Qe5+ 46.Kf2 Qd4+ 47.Kg2 Qd2+ 48.Kf1 Kf4 49.f6 Kg3  0-1

[Event "CRO-ch06"]
[Site "Pula"]
[Date "1998.01.15"]
[Round "7"]
[White "Franic, Milan"]
[Black "Cebalo, Miso"]
[Result "1/2-1/2"]
[WhiteElo "2430"]
[BlackElo "2515"]

1.d4 Nf6 2.c4 e6 3.Nf3 Bb4+ 4.Nc3 b6 5.Bg5 Bb7 6.e3 h6 7.Bh4 Bxc3+ 8.bxc3 d6
9.Nd2 Nbd7 10.f3 Qe7 11.Bd3 e5 12.e4 c5 13.d5 Nf8 14.Bc2 Ng6 15.Bf2 Nf4 16.g3 Nh3
17.Be3 g5 18.a4 a5 19.Rb1 Qc7 20.Qe2 Bc8 21.Nf1 Bd7 22.Bd2 O-O-O 23.Ne3 h5
24.Ng2 Rde8 25.Rf1 Kb7 26.Be3 Rhg8 27.Kd2 Ka6 28.Kc1 Nh7 29.Bd2 Nf8 30.Kb2 Ng6
31.Ne3 f6 32.Ka3 Ne7 33.Qg2 Ref8 34.Rbe1 Qc8 35.Nd1 Qe8 36.Nb2 Qg6 37.Nd1 Bc8
38.Bc1 Qh7 39.Kb3 Bd7 40.Kb2 Qg7 41.Ne3 Qf7 42.Nd1 Rg7 43.Ka3 Qg8 44.Ne3 Nf4
45.Qh1 Nfg6 46.Nf5 Nxf5 47.exf5 Ne7 48.g4 Rh7 49.Qg2 Qh8 50.Rh1 hxg4 51.fxg4 Rh4
52.h3 Rf7 53.Re3 Rfh7 54.Bd2 Ka7 55.Be1 Ka6  1/2-1/2

[Event "Pobeskydi"]
[Site "Frydek-Mistek"]
[Date "1998.01.24"]
[Round "4"]
[White "Kubala, Petr"]
[Black "Kubala, Martin"]
[Result "1-0"]
[WhiteElo "2315"]
[BlackElo "2310"]

1.c4 Nf6 2.Nc3 e6 3.Nf3 Bb4 4.d4 c5 5.e3 d6 6.Bd3 Nc6 7.O-O Bxc3 8.bxc3 O-O
9.Nd2 e5 10.d5 Ne7 11.Qc2 g6 12.f4 exf4 13.exf4 Bf5 14.h3 Qd7 15.Nf3 Bxd3
16.Qxd3 Qf5 17.Qb1 Rab8 18.g4 Qxb1 19.Rxb1 h5 20.Nh4 hxg4 21.f5 Kg7 22.Bf4 Rbd8
23.hxg4 Nxg4 24.Rxb7 Nxf5 25.Nxf5+ gxf5 26.Rxa7 Kf6 27.Re1 Rg8 28.Kf1 Rh8
29.Ree7 Ne5 30.Rxe5 dxe5 31.Ra6+ Ke7 32.Bg5+ f6 33.Bxf6+ Kf7 34.Bxd8 Rxd8
35.a4 Rb8 36.a5 e4 37.Rb6 Rh8 38.a6 Rh1+ 39.Kg2 Ra1 40.Re6 Ra4 41.Rh6 Kg7
42.Rb6 Kf7 43.Rh6 Kg7 44.Rc6 Kf7 45.Kg3 Rxc4 46.Kf4 Rxc3 47.Kxf5 Ra3 48.Rc7+ Ke8
49.a7 Kd8 50.Rh7  1-0

[Event "Ubeda op"]
[Site "Ubeda"]
[Date "1998.01.24"]
[Round "5"]
[White "Stocek, Jiri"]
[Black "Estremera Panos, Sergio"]
[Result "1-0"]
[WhiteElo "2450"]
[BlackElo "2400"]

1.d4 Nf6 2.c4 e6 3.Nf3 Bb4+ 4.Nc3 c5 5.g3 cxd4 6.Nxd4 O-O 7.Bg2 d5 8.cxd5 Nxd5
9.Bd2 Nxc3 10.bxc3 Be7 11.Rb1 e5 12.Rxb7 exd4 13.Rb3 Na6 14.Bxa8 Bh3 15.Bf3 Nc5
16.Rb1 Bf6 17.cxd4 Bxd4 18.e3 Nd3+ 19.Ke2 Ne5 20.Be4 Qf6 21.f3 Bg2 22.Rf1 Qa6+
23.Kf2 Bxf1 24.exd4 Nc4 25.Bb4 Qxa2+ 26.Qc2 Qxc2+ 27.Bxc2 Rb8 28.Be7 Rxb1
29.Bxb1 Nd2 30.Bf5 Bc4 31.Bb4 Nb3 32.Ke3 g6 33.Be4 f5 34.Bc6 Kf7 35.d5 a5
36.Ba3 a4 37.Bb4 a3 38.Bxa3 Na5 39.Ba8 Ba6 40.Kd4 Ke8 41.Bb4 Nb7 42.Ke5 Kd7
43.Kf6 Nd8 44.f4 Bb5 45.Ba5  1-0

[Event "FRA-chT"]
[Site "FRA"]
[Date "1998.04.03"]
[Round "5"]
[White "Conquest, Stuart"]
[Black "Lecuyer, Christian"]
[Result "1-0"]
[WhiteElo "2480"]
[BlackElo "2265"]

1.d4 Nf6 2.c4 e6 3.Nc3 Bb4 4.Nf3 c5 5.g3 cxd4 6.Nxd4 O-O 7.Bg2 d5 8.O-O dxc4
9.Qa4 Qe7 10.Nc2 Na6 11.Qb5 e5 12.Nxb4 Nxb4 13.Be3 Na6 14.Rac1 h6 15.Qxc4 Re8
16.Rfd1 e4 17.Nxe4 Nxe4 18.Qxe4 Qxe4 19.Bxe4 Rxe4 20.Rd8+ Kh7 21.Rcxc8 Rxc8
22.Rxc8 b6 23.Ra8 Re7 24.Bxb6 Rb7 25.Bd4 Nb4 26.Rxa7 Rxa7 27.Bxa7 Nxa2 28.e4 g5
29.f3 Kg6 30.Kf2 Kf6 31.Bd4+ Ke6 32.g4 f6 33.Bc5 Nc1 34.Ke3 Nb3 35.Bb4 Na1
36.Kd3 Nb3 37.Bf8 Nc1+ 38.Ke3 Nb3 39.Bxh6 Nc5 40.b4  1-0

[Event "St Petersburg-ch"]
[Site "St Petersburg"]
[Date "1998.04.09"]
[Round "3"]
[White "Shchukin, Dmitry"]
[Black "Taimanov, Mark E"]
[Result "1/2-1/2"]
[WhiteElo "2390"]
[BlackElo "2490"]

1.d4 Nf6 2.c4 e6 3.Nc3 Bb4 4.Nf3 d5 5.Qa4+ Nc6 6.cxd5 Nxd5 7.Bd2 Nb6 8.Qb5 O-O
9.a3 Be7 10.e3 Bd7 11.Qb3 a5 12.Bd3 a4 13.Qc2 g6 14.Ne4 Na5 15.Nc5 Bc6 16.Ne5 Bd5
17.Bxa5 Rxa5 18.Qc3 Ra7 19.e4 Bb3 20.O-O Bxc5 21.dxc5 Nd7 22.Nf3 c6 23.Nd2 Ra5
24.Nxb3 axb3 25.Qxb3 Nxc5 26.Qc3 Nxd3 27.Rfd1 Nf4 28.Rxd8 Ne2+ 29.Kf1 Nxc3
30.Rxf8+ Kxf8 31.bxc3 Rb5 32.c4 Rb2 33.Rd1 Ke7 34.Rd3 e5 35.c5 h5 36.h4 Rb5
37.Rc3 Ke6 38.Ke2 f5 39.Rg3 Kf6 40.exf5 gxf5 41.Rg5 Rxc5 42.Rxh5 Rc2+ 43.Ke1 Rc3
44.Rh6+ Kg7 45.Re6 Rxa3 46.Re7+  1/2-1/2